Statistics for Typing test -how fast are you?

Click here to take the quiz!

General Stats

  • This quiz has been taken 510 times
  • The average score is 11 of 15

Answer Stats

Answer% Correct
cubecube
100%
octopusoctopus
98%
typingtyping
98%
mustachemustache
97%
capybaracapybara
91%
officeoffice
88%
vegetationvegetation
83%
difficultdifficult
75%
precipitationprecipitation
69%
impossibleimpossible
68%
creationcreation
67%
zebrazebra
51%
aluminiumaluminium
49%
finishfinish
37%
automobileautomobile
32%

Score Distribution

Percentile by Number Answered

Percent of People with Each Score

Your Score History

You have not taken this quiz